000 00224nam a22000977a 4500
999 _c16101
_d16101
003 OSt
008 191106b ||||| |||| 00| 0 eng d
100 _aGandhi,M K.
_94546
245 _aHindi and english in the south
942 _cBK